Представление документа в формате RUSMARC

ПолеНазваниеЗначение
  Тип записи a
  Библиографический уровень m
001 Контрольный номер RU/ГПНТБ России/IBIS/84(4Гем)/Б 45-602508088
005 Дата корректировки 20260609145546.5
010 Индекс ISBN __
a ISBN 978-5-389-27835-6
b Уточнения в пер.
9 Тираж 2000
100 Данные общей обработки __
a Данные общей обработки 20260609d2026 c y0rusy0250 ca
101 Язык документа 1_
a Язык текста rus
c Язык оригинала ger
102 Страна публикации __
a Страна публикации RU
105 Кодированные данные (монография) __
a Кодированные данные (монография) a zzz 000ay
181 Поле кодированных данных: вид содержания _0
a Код вида содержания (ISBD) i
182 Поле кодированных данных: тип средства _0
a Код типа средства (ISBD) n
200 Заглавие и сведения об ответственности 1_
a Заглавие Тафити и великий пожар
e Сведения, относящиеся к заглавию сказочная повесть
f Первые сведения об ответственности Ю. Бёме
g Последующие сведения об ответственности перевод с немецкого М. Николенко
g Последующие сведения об ответственности художник Ю. Гинсбах
203 Вид содержания и тип средства __
c Тип средства непосредственный
a Вид содержания Текст
210 Выходные данные 1_
a Место издания Москва
c Издательство Махаон
c Издательство Азбука
d Дата издания 2026
215 Физическое описание __
a Объем 59, [3] с.
c Иллюстрации/тип воспроизводства цв. ил.
d Формат 24 см
225 Серия 2_
a Серия Тафити
333 Примечание о целевом назначении __
a Примечание о целевом назначении информационная продукция для детей, достигших возраста шести лет
333 Примечание о целевом назначении __
a Примечание о целевом назначении для детей младшего возраста, 5-10 лет
454 Оригинал _0
1 700 1
a Boehme
b Julia
1 2001
a Tafiti und das grobe Feuer
f Julia Boehme
686 Индексы других классификаций __
2 Код системы rubbk
a Классификационный индекс 84(4Гем)
686 Индексы других классификаций __
2 Код системы rugasnti
a Классификационный индекс 17.82.31
700 Автор _1
a Фамилия Беме
b Имя Ю.
g Полное личное имя Юлия
f Даты 1966-
4 Код отношения 070
702 Вторичная интеллектуальная ответственность _1
a Фамилия Николенко
b Имя М.
4 Код отношения 730
702 Вторичная интеллектуальная ответственность _1
a Фамилия Гинсбах
b Имя Ю.
g Полное личное имя Юлия
f Даты 1967-
4 Код отношения 440
801 Источник записи _0
b Организация ГПНТБ России
a Страна RU
c Дата составления 20260609
801 Источник записи _1
b Организация ГПНТБ России
a Страна RU
c Дата составления 20260609
852 Данные о местонахождении 5_
a Наименование организации ГПНТБ России
m Суффикс шифра хранения 1106097
b Сигла хранения ЦГБ
j Шифр хранения 84(4Гем)
p Инвентарный номер RU
899 Данные о местонахождении __
a Местонахождение ГПНТБ России
p Штрих-код 1106097
b Место хранения ЦГБ
h Классификационная часть РШ 84(4Гем)
i Авторский знак Б 45
901 Тип документа __
a Ответственный заим.